00746nam a2200193Ia 4500003000900000008004100009040001600050080002200066111006700088245016000155260004200315300001400357490005000371650001900421650002300440650002300463650004300486700002300529IN-BaIIA211028s9999 xx 000 0 eng d cIIA Library a52(082.2)bASS-52 aNeil Brice Memorial SymposiumcTracati (?)d1974 May 28-June 1 4aThe Magnetospheres of the earth and jupiterbproceedings of the Neil Brice Memorial symposium held in Tracati, May 28 - June 1 1974cedited by V. Formisano aDordrechtbD. Reidel Publishingc1975 aXI, 485p. aAstrophysics and space science library; v. 52 a Ionosphere  a Magnetospheres  a Upper Atmosphere aAstronomy and Astrophysics Thesaurus  aFormisano, V., ed.